000
00279nam a2200109Ia 4500
008
220204s9999 xx 000 0 und d
082
_a
631.461.5:546.17
_b
LEE
245
0
_a
Nitrogen as an ecological factor
260
_a
Oxford
_b
Blackwell
_c
1983
700
_a
Lee, J A
942
_c
BK
999
_c
37077
_d
37077